000 00729cam a22002533a 4500
001 7176
003 PGUSA
005 20140828083141.0
008 041201s2004||||xxu|||||s|||||000 | eng d
040 _aPGUSA
_beng
042 _adc
050 4 _aHM
100 1 _aTolstoy, Leo, graf,
_d1828-1910
245 1 2 _aA Letter to a Hindu
_h[electronic resource] /
_cLeo, graf Tolstoy
260 _bProject Gutenberg,
_c2004
506 _aPublic domain in the USA.
516 _aElectronic text
653 _aGovernment, Resistance to
653 _aEvil, Non-resistance to
653 _aNational characteristics, East Indian
830 0 _aProject Gutenberg
_v7176
856 4 0 _uhttp://www.gutenberg.org/ebooks/7176
942 _cEB
999 _c236496
_d236496